00653 2200229 4500001002100000005001700021008004100038020001800079035002500097082001100122090002000133100002500153245008100178260003100259300002700290650001600317700002400333850001200357990001800369990001800387990001800405YOGYA-0209000004109220150319104804.0 ind  a979-795-085-9 a0010-020900000041092 a297.32 aK 297.32bBan M aALBANA, Hasan, Syekh aAl-Ma tsurat bergambarcSyekh Hasan Al Bana ; penyunting, Seno Teguh Pribadi aJakartabWahyu Mediac2007 a62 hlm.bilus.c20 cm. aDoa (Islam) aPribadi, Seno Teguh aYOPDYOG a28852-PD/B.07 a28853-PD/B.07 a28854-PD/B.07